<?xml version="1.0" encoding="UTF-8"?>
<record
    xmlns:xsi="http://www.w3.org/2001/XMLSchema-instance"
    xsi:schemaLocation="http://www.loc.gov/MARC21/slim http://www.loc.gov/standards/marcxml/schema/MARC21slim.xsd"
    xmlns="http://www.loc.gov/MARC21/slim">

  <leader>00745nam a2200145Ia 4500</leader>
  <controlfield tag="008">180921t1986    xxu||||| ||||o00| 0 sin d</controlfield>
  <datafield tag="041" ind1=" " ind2=" ">
    <subfield code="a">sin</subfield>
  </datafield>
  <datafield tag="245" ind1=" " ind2=" ">
    <subfield code="a">&#xDC1;&#xDCA;&#x200D;&#xDBB;&#xDD3; &#xDBD;&#xD82;&#xD9A;&#xDCF; &#xDB4;&#xDCA;&#x200D;&#xDBB;&#xDA2;&#xDCF;&#xDAD;&#xDCF;&#xDB1;&#xDCA;&#xDAD;&#xDCA;&#x200D;&#xDBB;&#xDD2;&#xD9A; &#xDC3;&#xDB8;&#xDCF;&#xDA2;&#xDC0;&#xDCF;&#xDAF;&#xDD3; &#xDA2;&#xDB1;&#xDBB;&#xDA2;&#xDBA;&#xDDA; &#xDB4;&#xDCF;&#xDBB;&#xDCA;&#xDBD;&#xDD2;&#xDB8;&#xDDA;&#xDB1;&#xDCA;&#xDAD;&#xDD4;&#xDC0; : 1986 &#xD85;&#xD82;&#xD9A; 22 &#xDAF;&#xDBB;&#xDAB; &#xD9A;&#xDDC;&#xDC5;&#xDB9; &#xDB8;&#xDC4; &#xDB8;&#xDD4;&#xDC3;&#xDCA;&#xDBD;&#xDD2;&#xDB8;&#xDCA; &#xDB4;&#xDBD;&#xDCA;&#xDBD;&#xDD2;&#xDBA; ( &#xDC3;&#xD82;&#xDC3;&#xDCA;&#xDAE;&#xDCF;&#xD9C;&#xDAD; &#xD9A;&#xDD2;&#xDBB;&#xDD3;&#xDB8;&#xDDA; ) &#xDB4;&#xDB1;&#xDAD;</subfield>
  </datafield>
  <datafield tag="246" ind1=" " ind2=" ">
    <subfield code="a">Sri Lanka Prajathantrika Samajavadi Janarajaye Parlimenthuwa :  1986 Anka 22 Darana Kolaba Maha Muslim Palliya ( Sansthagatha Kirime ) Panatha</subfield>
  </datafield>
  <datafield tag="260" ind1=" " ind2=" ">
    <subfield code="c">1986</subfield>
  </datafield>
  <datafield tag="300" ind1=" " ind2=" ">
    <subfield code="a">28 cm</subfield>
  </datafield>
  <datafield tag="942" ind1=" " ind2=" ">
    <subfield code="c">BK</subfield>
  </datafield>
  <datafield tag="952" ind1=" " ind2=" ">
    <subfield code="0">0</subfield>
    <subfield code="1">0</subfield>
    <subfield code="4">0</subfield>
    <subfield code="7">0</subfield>
    <subfield code="8">GOV</subfield>
    <subfield code="a">MAIN</subfield>
    <subfield code="b">MAIN</subfield>
    <subfield code="d">2014-03-04</subfield>
    <subfield code="p">133773-14</subfield>
    <subfield code="r">2023-06-15</subfield>
    <subfield code="w">2023-06-15</subfield>
    <subfield code="y">BK</subfield>
  </datafield>
  <datafield tag="999" ind1=" " ind2=" ">
    <subfield code="c">68512</subfield>
    <subfield code="d">68512</subfield>
  </datafield>
  <controlfield tag="003">LK-CoDNM</controlfield>
  <datafield tag="040" ind1=" " ind2=" ">
    <subfield code="a">LK-CoDNM</subfield>
    <subfield code="d">LK-CoDNM</subfield>
    <subfield code="e">LK-CoDNM</subfield>
  </datafield>
</record>
